| 000 | 00431nam a2200181Ia 4500 | ||
|---|---|---|---|
| 001 | 23438 | ||
| 005 | 20260414150937.0 | ||
| 008 | 260414t2013||||xx |||||||||||||| ||spa|| | ||
| 041 | _aESP | ||
| 082 |
_a650.01513 _bD69 |
||
| 100 |
_aDíaz Mata, Alfredo _eAUT |
||
| 245 | 0 |
_aMatemáticas financieras _b |
|
| 260 | _c2013 | ||
| 300 |
_axi, 435 páginas : _c27 cm. |
||
| 650 | _aGEN | ||
| 654 | _aCCO | ||
| 942 |
_cLIB _dJUS _fJUS _2ddc _n |
||
| 999 |
_c23438 _d23438 |
||